000
00345 a2200157 4500
001
62232
020
_a
978851670298
040
_c
Anchieta - Pituba
100
_a
Amendola, Roberta
240
1
0
_a
Ventana al español 4
_l
por
245
1
0
_a
Ventana al español 4
300
_a
143
362
0
_a
2011
650
4
_a
Língua espanhola
942
_c
BK
999
_c
62232
_d
62232